[Event "Praia op 2nd"]
[Site "Praia a Mare"]
[Date "2010.04.02"]
[Round "4"]
[White "Mercuri, Delia"]
[Black "Di Tomaso, Saverio"]
[Result "1-0"]
[WhiteElo "1520"]
[BlackElo "1464"]
[PlyCount "85"]
[EventDate "2010.03.31"]
[EventType "swiss"]
[EventRounds "5"]
[EventCountry "ITA"]
[SourceTitle "EXT 2023"]
[Source "ChessBase"]
[SourceDate "2022.10.05"]
[SourceVersion "1"]
[SourceVersionDate "2022.10.05"]
[SourceQuality "1"]

1. e4 e5 2. Nf3 Nc6 3. Bb5 d6 4. h3 Bd7 5. c3 a6 6. Ba4 Nf6 7. Bc2 Qe7 8. 0-0 0-0-0 9. Re1 g6 10. d4 exd4 11. Nxd4 Re8 12. f3 Bg7 13. Nxc6 Bxc6 14. Qd4 Qe5 15. Qa7 Qc5+ 16. Qxc5 dxc5 17. Be3 b6 18. Nd2 Nd7 19. Bb3 Rhf8 20. Rad1 f5 21. Bd5 Nb8 22. Re2 Bxd5 23. exd5 f4 24. Ne4 fxe3 25. Rxe3 Be5 26. Rde1 Nd7 27. c4 Bd4 28. Kf1 Bxe3 29. Rxe3 Nf6 30. Ke2 Nxe4 31. fxe4 Rf7 32. e5 b5 33. b3 Rfe7 34. e6 c6 35. Kd3 Kc7 36. Ke4 Kd6 37. g4 cxd5+ 38. cxd5 Rc8 39. Rc3 Ree8 40. Rf3 c4 41. Rf7 c3 42. b4 c2 43. Rd7# 1-0

[Event "Praia op 2nd"]
[Site "Praia a Mare"]
[Date "2010.03.31"]
[Round "1"]
[White "Di Tomaso, Saverio"]
[Black "Violi, Vincenzo"]
[Result "0-1"]
[WhiteElo "1464"]
[BlackElo "1599"]
[PlyCount "88"]
[EventDate "2010.03.31"]
[EventType "swiss"]
[EventRounds "5"]
[EventCountry "ITA"]
[SourceTitle "EXT 2023"]
[Source "ChessBase"]
[SourceDate "2022.10.05"]
[SourceVersion "1"]
[SourceVersionDate "2022.10.05"]
[SourceQuality "1"]

1. e4 c5 2. Bc4 d6 3. d3 Nf6 4. Nc3 e6 5. Bb3 a6 6. Be3 b5 7. a3 Bb7 8. Nf3 Nbd7 9. Bg5 Be7 10. e5 Nxe5 11. Nxe5 dxe5 12. f3 Nd5 13. Bxe7 Qxe7 14. Bxd5 exd5 15. 0-0 0-0 16. Qe2 Rae8 17. Rfe1 Qd6 18. b3 c4 19. dxc4 dxc4 20. bxc4 Qd4+ 21. Kh1 Qxc3 22. cxb5 axb5 23. Rab1 e4 24. Qf2 exf3 25. gxf3 Rxe1+ 26. Rxe1 Qxf3+ 27. Qxf3 Bxf3+ 28. Kg1 g6 29. Re3 Bd5 30. c3 Be6 31. Re5 Ra8 32. Rxb5 Rxa3 33. Rc5 Ra2 34. Rc7 Rc2 35. Kf1 Rxh2 36. Ke1 Rc2 37. Kd1 Bb3 38. Ke1 Kg7 39. Rc6 h5 40. Kf1 h4 41. Kg1 h3 42. Kh1 Bd5+ 43. Kg1 h2+ 44. Kf1 h1Q# 0-1